000 00764nam a2200265Ia 4500
003 OSt
005 20220923221145.0
006 a|||||r|||| 00| 0
007 ta
008 220922b |||||||| |||| 00| 0 hin d
024 _a195,695
037 _cTextual
040 _aARTS
_cARTS
_bhin
041 _2hin
_ahin
082 _aR4, 152J6 ;L9
100 _aजोशी, शांति
245 0 _aनीति शास्त्र
246 _aNīti shāstra
250 _a2
260 _aदिल्ली
_b राजकमल प्रका0
_c1970
300 _a370पृ.
_ccm.
650 _aभारतीय दर्शन
942 _hR4, 152J6 ;L9
_cTEXL
_2CC
999 _c347839
_d347839